header

Constructing nature : (Record no. 250722)

MARC details
000 -LEADER
fixed length control field 01205pam a2200337 a 4500
001 - CONTROL NUMBER
control field 4927439
003 - CONTROL NUMBER IDENTIFIER
control field OSt
005 - DATE AND TIME OF LATEST TRANSACTION
control field 20151015112706.0
008 - FIXED-LENGTH DATA ELEMENTS--GENERAL INFORMATION
fixed length control field 951101s1996 nju 001 0 eng
010 ## - LIBRARY OF CONGRESS CONTROL NUMBER
LC control number 95049112
020 ## - INTERNATIONAL STANDARD BOOK NUMBER
International Standard Book Number 0132908751 (pbk.)
040 ## - CATALOGING SOURCE
Original cataloging agency DLC
Transcribing agency DLC
Modifying agency DLC
050 00 - LIBRARY OF CONGRESS CALL NUMBER
Classification number PE1417
Item number .C6519 1996
082 00 - DEWEY DECIMAL CLASSIFICATION NUMBER
Classification number 808/.0427
Edition number 20
245 00 - TITLE STATEMENT
Title Constructing nature :
Remainder of title readings from the American experience /
Statement of responsibility, etc edited by Richard Jenseth, Edward E. Lotto.
260 ## - PUBLICATION, DISTRIBUTION, ETC. (IMPRINT)
Place of publication, distribution, etc Upper Saddle River, NJ :
Name of publisher, distributor, etc Prentice Hall,
Date of publication, distribution, etc c1996.
300 ## - PHYSICAL DESCRIPTION
Extent xi, 493 p. ;
Dimensions 23 cm.
500 ## - GENERAL NOTE
General note "A Blair Press book."
General note Includes index.
650 #0 - SUBJECT ADDED ENTRY--TOPICAL TERM
Topical term or geographic name as entry element College readers.
Topical term or geographic name as entry element Nature in literature
General subdivision Problems, exercises, etc.
Topical term or geographic name as entry element Nature
General subdivision Literary collections.
Topical term or geographic name as entry element English language
Geographic subdivision United States
General subdivision Rhetoric
Form subdivision Problems, exercises, etc.
Topical term or geographic name as entry element American literature.
Topical term or geographic name as entry element Readers
General subdivision Nature.
700 1# - ADDED ENTRY--PERSONAL NAME
Personal name Jenseth, Richard.
Personal name Lotto, Edward E.
906 ## - LOCAL DATA ELEMENT F, LDF (RLIN)
a 7
b cbc
c orignew
d 1
e ocip
f 19
g y-gencatlg
942 ## - ADDED ENTRY ELEMENTS (KOHA)
Source of classification or shelving scheme Library of Congress Classification
Koha item type Long Loan Books
Holdings
Withdrawn status Lost status Source of classification or shelving scheme Damaged status Not for loan Collection code Home library Current library Shelving location Date acquired Total Checkouts Full call number Barcode Date last seen Price effective from Koha item type
    Library of Congress Classification     Non-fiction Rongo University Library Rongo University Library General Stacks 15/10/2015   PE1417 .C6519 1996 20087238 15/10/2015 15/10/2015 Long Loan Books

© 2026 Rongo University
Contact us: librarian | system librarian | Rongo university